Statistics for Bolivia Trivia

Click here to take the quiz!

General Stats

  • This quiz has been taken 28 times
  • The average score is 6 of 10

Answer Stats

QuestionAnswer% Correct
Who was summarily executed in Vallegrande?Ernesto "Che" Guevara
88%
Which of these is NOT an official language of Bolivia?Portuguese
88%
What bird appears on the Bolivian coat of arms?condor
73%
What city lies next to a once silver-rich mountain known as the "Cerro Rico"?Potosí
69%
How many languages does the national government of Bolivia recognize as official?37
65%
What religious order established "reductions" in eastern Bolivia in the 18th century?Society of Jesus (Jesuits)
65%
The food product "chuño" is quite popular in western Bolivia and other Andean areas. What is it made from?potatoes
50%
Which of these is NOT a department of Bolivia?Jujuy
46%
Which 20th-century Hollywood heartthrob had a Bolivian father?Raquel Welch
46%
In 2003, then-president Gonzalo "Goni" Sánchez resigned and left Bolivia. He now lives in exile in which country?USA
23%

Score Distribution

Percentile by Number Answered

Percent of People with Each Score

Your Score History

You have not taken this quiz